Plan local de empleo Gua̕ para su elaboracin̤

Detalles Bibliográficos
Autor Corporativo: Colombia. Ministerio de Trabajo
Formato: eBook
Lenguaje:español
Publicado: [S.l.] : Ministerio de Trabajo (Colombia), 2012
Colección:Cuadernos de negociacin̤ colectiva
Materias:
Acceso en línea:Acceso restringido

MARC

LEADER 00000nam a22000007a 4500
005 20140314131211.0
007 cr|||| |||
008 140314s2012 co |||||s|||| 00||0 spa d
020 |a 978-958-8717-38-8 
035 |a 11806 
040 |a vLex 
090 |c 4710  |d 4710 
245 0 0 |a Plan local de empleo  |h [Recurso electrn̤ico] :  |b Gua̕ para su elaboracin̤  
256 |a Servicio en ln̕ea 
260 |a [S.l.] :  |b Ministerio de Trabajo (Colombia),  |c 2012 
300 |a 1 recurso electrn̤ico 
490 0 |a Cuadernos de negociacin̤ colectiva 
506 1 |a Contenido solo disponible en los productos indicados  |d vLex Global  |d vLex Global (Academic Edition, excluding Law Schools)  |d vLex Global (U.S. Academic Edition, Law Schools)  |d vLex Global (U.S. Academic Edition, excluding Law Schools)  |d vLex Global (Academic Edition, Law Schools) 
650 0 4 |a Derecho laboral  |z Colombia 
650 0 4 |a Creacin̤ de ocupacin̤  |z Colombia 
710 1 |a Colombia.  |b Ministerio de Trabajo 
740 0 |a vLex Libros (Servicio en ln̕ea) 
856 4 0 |u http://vlex.com/source/plan-local-empleo-guia-elaboracion-11806  |z Acceso restringido 
942 |c BOOK 
999 0 |a Labor laws and legislation 
999 0 |a Job creation